Statistiques concernant Les Meilleurs buteurs de la Premier League 2019-2020

Cliquez ici pour prendre le quiz!

Statistiques générales

  • Ce quiz a été pris 125 fois
  • Le résultat moyen est 8 sur 10

Statistiques - réponses

ButsNationalitéClubJoueur% Correct
19ÉgypteLiverpool FC Mohamed Salah
98%
23AngleterreLeicester City Jamie Vardy
97%
18SénégalLiverpool FCSadio Mané
97%
17FranceManchester UnitedAnthony Martial
96%
18AngleterreTottenham Hotspur Harry Kane
96%
22GabonArsenal FC Pierre-Emerick Aubameyang
94%
17AngleterreManchester UnitedMarcus Rashford
88%
20AngleterreManchester City Raheem Sterling
83%
17MexiqueWolverhampton Wanderers Raúl Jiménez
63%
22AngleterreSouthampton FCDanny Ings
34%

Distribution des résultats

Percentile par nombre de réponses

% des personnes avec chaque résultat

Votre développement - résultats

Vous n’avez pas pris ce quiz